Normal view MARC view

Entry Personal Name

Number of records used in: 1

001 - CONTROL NUMBER

  • control field: 46530

003 - CONTROL NUMBER IDENTIFIER

  • control field: dpl

005 - DATE AND TIME OF LATEST TRANSACTION

  • control field: 20120507113922.0

008 - FIXED-LENGTH DATA ELEMENTS

  • fixed length control field: 120507|||a|||||| | ||| d

040 ## - CATALOGING SOURCE

  • Original cataloging agency: dpl
  • Transcribing agency: dpl

100 ## - HEADING--PERSONAL NAME

  • Personal name: Ratnam, C.S. enkata

670 ## - SOURCE DATA FOUND

  • Source citation: Work cat.: (dpl): Industrial relations in Indian states /, 1996

670 ## - SOURCE DATA FOUND

  • Source citation: Work cat.: (dpl): Industrial relations in Indian states /, 1996

© Delhi Public Library
Hit Counter
free hit counter